Sports Quiz

Random Sports or MLB Quiz

Dodgers Saves Leader by Season Quiz Stats

 Plays Quiz not verified by Sporcle

Challenge
Share
Tweet
Embed
Score 0/86 Timer 10:00
0 Plays Today
Year Pitcher % Correct
2017Kenley Jansen
100%
2002Eric Gagne
92.4%
2003Eric Gagne
92.4%
2004Eric Gagne
92.4%
2016Kenley Jansen
86.7%
2015Kenley Jansen
84.3%
2012Kenley Jansen
76.5%
2013Kenley Jansen
76.5%
2014Kenley Jansen
76.5%
1974Mike Marshall
68.9%
1975Mike Marshall
68.9%
1980Steve Howe
63.6%
1981Steve Howe
63.6%
1982Steve Howe
63.6%
1983Steve Howe
63.6%
2009Jonathan Broxton
53.8%
2010Jonathan Broxton
53.8%
1998Jeff Shaw
52.3%
1999Jeff Shaw
52.3%
2000Jeff Shaw
52.3%
2001Jeff Shaw
52.3%
1986Ken Howell
51.5%
1988Jay Howell
51.5%
1989Jay Howell
51.5%
1990Jay Howell
51.5%
1991Jay Howell
51.5%
1994Todd Worrell
45.5%
1995Todd Worrell
45.5%
1996Todd Worrell
45.5%
Year Pitcher % Correct
1997Todd Worrell
45.5%
1987Alejandro Pena, Matt Young
40.9%
2006Takashi Saito
40.9%
2007Takashi Saito
40.9%
2008Takashi Saito
40.9%
1962Ron Perranoski
37.1%
1963Ron Perranoski
37.1%
1964Ron Perranoski
37.1%
1965Ron Perranoski
37.1%
1967Ron Perranoski
37.1%
1984Tom Niedenfuer
31.1%
1985Tom Niedenfuer
31.1%
1976Charlie Hough
30.3%
1977Charlie Hough
30.3%
1968Jim Brewer
28.8%
1969Jim Brewer
28.8%
1970Jim Brewer
28.8%
1971Jim Brewer
28.8%
1972Jim Brewer
28.8%
1973Jim Brewer
28.8%
1940Curt Davis, Vito Tamulis, Hugh Casey, Tex Carleton, Tot Pressnell
28%
1941Hugh Casey
26.5%
1942Hugh Casey
26.5%
1946Hugh Casey, Art Herring
26.5%
1947Hugh Casey
26.5%
1944Curt Davis
25.8%
1952Joe Black
25.8%
1956Clem Labine
23.5%
1957Clem Labine
23.5%
Year Pitcher % Correct
1958Clem Labine
23.5%
1959Clem Labine
23.5%
1939Vito Tamulis
22%
1950Ralph Branca
22%
1961Larry Sherry
19.7%
2011Javy Guerra
19.7%
1992Roger McDowell
17.4%
1978Terry Forster
15.9%
1993Jim Gott
15.2%
1966Phil Regan
14.4%
2005Yhency Brazoban
14.4%
1979Bobby Castillo
12.1%
1955Ed Roebuck
9.1%
1960Ed Roebuck
9.1%
1953Jim Hughes
8.3%
1954Jim Hughes
8.3%
1951Clyde King
7.6%
1932Jack Quinn
4.5%
1937Van Mungo
4.5%
1936Van Mungo, George Jeffcoat
3.8%
1949Erv Palica
3.8%
1933Sloppy Thurston
2.3%
1934Dutch Leonard
2.3%
1935Dutch Leonard
2.3%
1943Les Webber
2.3%
1945Cy Buker
2.3%
1948Hank Behrman
2.3%
1938Luke Hamlin
1.5%

You're not logged in!

Compare scores with friends on all Sporcle quizzes.
Join for Free
OR
Log In

You Might Also Like...

Show Comments

Extras

Top Quizzes Today


Score Distribution

Your Account Isn't Verified!

In order to create a playlist on Sporcle, you need to verify the email address you used during registration. Go to your Sporcle Settings to finish the process.

Report this User

Report this user for behavior that violates our Community Guidelines.

Details: